|
|
|
|
| LEADER |
00000ny a22000003n 4500 |
| 005 |
20110531130240.0 |
| 008 |
080508t2002 sp s 000 0 spa c |
| 020 |
|
|
|a 8476986564
|
| 035 |
|
|
|a 139
|
| 040 |
|
|
|a UMA.RE
|d vLex
|
| 080 |
|
|
|a 347.238.31(460)(094.4.072)(0.034)
|
| 090 |
|
|
|c 375
|d 375
|
| 100 |
1 |
|
|a Fuentes Lojo, Juan V.
|
| 245 |
1 |
0 |
|a Comentarios a la nueva ley de Propiedad Horizontal
|h [Recurso electrn̤ico]
|c Juan Ventura Fuentes Lojo
|
| 256 |
|
|
|a Servicio en ln̕ea
|
| 260 |
|
|
|a Barcelona :
|b Bosch,
|c 2003
|
| 300 |
|
|
|a p. ;
|c cm
|
| 506 |
1 |
|
|a Contenido solo disponible en los productos indicados
|d vLex Global
|d vLex Global (Academic Edition, excluding Law Schools)
|d vLex Global (U.S. Academic Edition, Law Schools)
|d vLex Global (U.S. Academic Edition, excluding Law Schools)
|d vLex Global (Academic Edition, Law Schools)
|
| 650 |
0 |
7 |
|a Propiedad horizontal
|2 Tesauro vLex
|
| 740 |
0 |
|
|a vLex Libros (Servicios en ln̕ea)
|
| 856 |
4 |
0 |
|u http://vlex.com/source/139
|z Acceso restringido
|
| 942 |
|
|
|c BOOK
|
| 999 |
0 |
|
|a Condominiums
|b Barcelona
|